| 000 | 00731nam a2200241 a 4500 | ||
|---|---|---|---|
| 999 |
_c1763 _d1763 |
||
| 007 | ta | ||
| 008 | 200117b2003 xxuad||g |||| 00| 0 eng d | ||
| 020 | _a9780821352083 | ||
| 040 |
_aKO _beng |
||
| 041 | 0 | _aeng | |
| 044 | _axxu | ||
| 082 | 0 | 4 |
_223 _a332.042 _bH1988 |
| 245 | 1 | 0 |
_aGlobalization and National Financial Systems / _cEdited by James A. Hanson...[et al.] |
| 260 |
_aWashington , D. C. : _bA Copublication of the World Bank and Oxford University Press , _c2003 . |
||
| 300 |
_axii , 282 p. : _bill., Charts. ; _c23 cm. |
||
| 650 | 0 |
_aFinance _vTextbooks |
|
| 700 |
_aHanson, James A. _eedt |
||
| 700 |
_aHonohan, Patrick _eedt |
||
| 700 |
_aMajnoni, Giovanni _eedt |
||
| 904 | _aReshma_R | ||
| 942 | _cRT | ||